000 00546nam a2200229Ia 4500
003 OSt
005 20220918183414.0
006 a|||||r|||| 00| 0
007 ta
008 220917b |||||||| |||| 00| 0 eng d
024 _a37,834
037 _cTextual
040 _aARTS
_cARTS
_beng
041 _2eng
_aeng
082 _aO113:1L49x, B5.7
100 _aGoethe
_917626
245 0 _aWorks
260 _c1887
650 _aENGLISH LITERATURE
942 _hO113:1L49x, B5.7
_cTEXL
_2CC
999 _c172551
_d172551